000
00329nam a2200121 a 4500
005
20140414131856.0
008
100828s19uu xx 00 eng d
050
_a
FIL
_b
P64 2008
100
_a
Almario, Virgilio
245
_a
Si Pilandok sa kaharian ng dagat.
260
_a
Manila, Philippines :
_b
Adarna,
_c
2008.
999
_c
110455
_d
110455